Elements of ecology / (Record no. 3626)

MARC details
000 -LEADER
fixed length control field 00625nam a22002172 4500
001 - CONTROL NUMBER
control field 0000012945
005 - DATE AND TIME OF LATEST TRANSACTION
control field 20151217145858.0
008 - FIXED-LENGTH DATA ELEMENTS--GENERAL INFORMATION
fixed length control field 090513s xx 000 0 eng d
020 ## - INTERNATIONAL STANDARD BOOK NUMBER
International Standard Book Number 0321410297 :
040 ## - CATALOGING SOURCE
Original cataloging agency KABU
Transcribing agency KABU
100 1# - MAIN ENTRY--PERSONAL NAME
Personal name Smith, Thomas M.
-- 0000169963
245 10 - TITLE STATEMENT
Title Elements of ecology /
Statement of responsibility, etc. Thomas M. Smith, Robert Leo Smith.
250 ## - EDITION STATEMENT
Edition statement 6th ed.
260 ## - PUBLICATION, DISTRIBUTION, ETC. (IMPRINT)
Place of publication, distribution, etc. Boston :
Name of publisher, distributor, etc. Pearson,
Date of publication, distribution, etc. 2006.
300 ## - PHYSICAL DESCRIPTION
Extent xxiv, 658 p.
650 #0 - SUBJECT ADDED ENTRY--TOPICAL TERM
Topical term or geographic name as entry element Ecology.
-- 0000155307
700 1# - ADDED ENTRY--PERSONAL NAME
Personal name Smith, Robert Leo.
-- 0000169964
852 1# - LOCATION
-- p4005 KES
908 ## - PUT COMMAND PARAMETER (RLIN)
Put command parameter 090513
950 ## - LOCAL HOLDINGS (RLIN)
-- 1
Holdings
Withdrawn status Lost status Source of classification or shelving scheme Not for loan Home library Current library Date acquired Total Checkouts Full call number Barcode Date last seen Date last checked out Price effective from Koha item type
    Library of Congress Classification   Kabarak, Main Campus Kabarak, Main Campus 17/12/2015 1 QH541 .S65 2006 c. 1 17512 29/01/2024 18/01/2024 17/12/2015 General Collection
Designed with assistance from East African Informatics Ltd